|
|
|
|
| LEADER |
00872nab a2200253 i 4500 |
| 001 |
publ32215 |
| 005 |
20250327151513.0 |
| 008 |
250327s1992 hu o 000 eng d |
| 022 |
|
|
|a 0306-5456
|
| 024 |
7 |
|
|a 10.1111/j.1471-0528.1992.tb13711.x
|2 doi
|
| 024 |
7 |
|
|a 1920432
|2 mtmt
|
| 040 |
|
|
|a SZTE Publicatio Repozitórium
|b hun
|
| 041 |
|
|
|a eng
|
| 100 |
1 |
|
|a Broadbent J A M
|
| 245 |
1 |
0 |
|a Endoscopic management of uterine perforation occurring during endometrial resection
|h [elektronikus dokumentum] /
|c Broadbent J A M
|
| 260 |
|
|
|c 1992
|
| 300 |
|
|
|a 1
|
| 300 |
|
|
|a 1018-1018
|
| 490 |
0 |
|
|a BRITISH JOURNAL OF OBSTETRICS AND GYNAECOLOGY
|v 99 No. 12
|
| 650 |
|
4 |
|a Klinikai orvostan
|
| 700 |
0 |
2 |
|a Molnár-Gábor Béla
|e aut
|
| 700 |
0 |
2 |
|a Cooper M J W
|e aut
|
| 700 |
0 |
2 |
|a Magos A L
|e aut
|
| 856 |
4 |
0 |
|u http://publicatio.bibl.u-szeged.hu/32215/1/aok_klny_117_92.pdf
|z Dokumentum-elérés
|